000 00686nam a2200253Ia 4500
003 OSt
005 20221006144023.0
006 a|||||r|||| 00| 0
007 ta
008 221006b |||||||| |||| 00| 0 eng d
020 _c
_10.00
024 _a10,658
037 _cTextual
040 _aEASL
_cEASL
_beng
041 _2eng
_aeng
082 _aW691xM93:g(T), L4
100 _aHAWKINS John N
_9323137
245 0 _aMao Tse-Tung and education
_b His thoughts and teachings
260 _aConnecticut
_bLinnet Books
_c1974
300 _a260p.
_ccm.
490 _v CEL
942 _hW691xM93:g(T), L4
_cTEXL
_2CC
999 _c1078744
_d1078744